000 00274nam a22001337a 4500
003 SGT
020 _a9788120347083
082 _a346
_bRAO
100 _aRAO, PEDDINA MOHANA
245 _aBUSINESS LAW
260 _bPHI LEARNING
_c2013
300 _a479
942 _2ddc
_cBK
_022
999 _c16263
_d16263